Anda berkarisma apabila...? /

Bibliographic Details
Main Author: Mohd. Fadzilah Haji Kamsah, Dato', 1951
Format: Book
Published: Bentong: PTS Millennia, 2005.
Series:Siri pembangunan diri
Subjects:
LEADER 00878cam a2200277 7i4500
001 0000061961
005 20151104090000.0
005 ##20151104184100.0
003 ##MY-KlINT
020 # # |a 9833372155  
039 # 9 |y 201511041841  |z VLOAD 
090 0 0 |a 155.232 MOH  
100 1 # |a Mohd. Fadzilah Haji Kamsah, Dato', 1951 
245 1 0 |a Anda berkarisma apabila...? /   |c Mohd. Fadzilah Kamsah dan Ahmad Naim Jaafar.. 
260 # # |a Bentong:   |b PTS Millennia,   |c 2005. 
300 # # |a viii, 208 ms:   |b ill;   |c 23cm. 
490 0 # |a Siri pembangunan diri 
650 # 0 |a Charisma (Personality trait)  
650 # 0 |a Personality development  
650 # 0 |a Leadership  
650 # 0 |a Success  
650 # 0 |a Self-actualization (Psychology)  
996 |a ikwas2007.out 
997 |a 3000126593  |b IKWS  |c MNF  |d BOK 
998 |a 0000008912 
999 |a 3000126593  |b BOOK  |c Main Non-Fiction  |e INTAN Kampus Wilayah Selatan